[Event "Challenge"]
[Site "http://www.queenalice.com/game.php?id=1183830"]
[Date "2013.5.23"]
[Round "-"]
[White "TIKAR"]
[Black "Ralfostarr"]
[Result "1-0"]
[WhiteElo "1787"]
[BlackElo "1547"]

1. e4 e5 2. Nf3 Bc5 3. Nxe5 Qf6 4. Ng4 Qh4 5. d4 Bb4+ 6. c3 Ba5 7. Bc4 d6 8. Ne3
Qxe4 9. O-O Nf6 10. Nd2 Qf4 11. Nb3 Bg4 12. f3 Bh5 13. Nxa5 g5 14. Nd5 Qf5 15.
Nxc7+ Kd7 16. Nxa8 Qxa5 17. b4 Qd8 18. Bxg5 h6 19. Bb5+ Nc6 20. Bd3 hxg5 21. Qa4
Qxa8 22. Rad1 Nd5 23. Rfe1 Nxc3 24. Qa3 Nxd1 25. Rxd1 Nxd4 26. Bc4 Nc2 27. Qa4+
Ke7 28. Qxc2 Qc8 29. Re1+ Kd7 30. Bb5+ Kd8 31. Qd2 Qc7 32. a3 Rh6 33. Re8# 1-0

[Event "Challenge"]
[Site "http://www.queenalice.com/game.php?id=1183831"]
[Date "2013.5.23"]
[Round "-"]
[White "Ralfostarr"]
[Black "TIKAR"]
[Result "0-1"]
[WhiteElo "1541"]
[BlackElo "1793"]

1. g3 e5 2. Bg2 Nf6 3. Nc3 a6 4. Nf3 Nc6 5. O-O Bc5 6. d3 d6 7. Bg5 h6 8. Bxf6
Qxf6 9. Nd5 Qd8 10. c3 Ne7 11. Nxe7 Qxe7 12. Qa4+ Bd7 13. Qg4 Bxg4 14. d4 exd4
15. cxd4 Ba7 16. a4 Bxf3 17. Bxf3 O-O 18. Bxb7 Rab8 19. Bxa6 Bxd4 20. Bb5 Bxb2
21. Ra2 Bd4 22. e3 Bc5 23. Bc4 Qe4 24. Rc1 Qf3 25. Be2 Qf6 26. a5 Rb2 27. Rxb2
Qxb2 28. Re1 Bb4 29. Rf1 Qxe2 30. a6 Qxa6 31. e4 Re8 32. f3 Bc5+ 33. Kg2 Rb8 34.
Rd1 Qe2+ 35. Kh3 Qxd1 36. f4 Rb2 37. Kh4 Rxh2# 0-1

[Event "Ralfo  B"]
[Site "http://www.queenalice.com/game.php?id=1185902"]
[Date "2013.5.30"]
[Round "-"]
[White "Ralfostarr"]
[Black "TIKAR"]
[Result "0-1"]
[WhiteElo "1544"]
[BlackElo "1852"]

1. e4 e5 2. Bc4 a6 3. Qf3 Nf6 4. g4 Nc6 5. g5 Nd4 6. Qc3 Nxe4 7. Qd3 Nxg5 8. c3
d5 9. Bb3 Bf5 10. Qe3 Nxb3 11. Qxe5+ Be7 12. axb3 Be4 13. f3 Bxf3 14. Qxg7 Bf6
15. Qh6 Bxh1 16. d4 Rg8 17. Bxg5 Rxg5 18. Ne2 Qe7 19. c4 Rg1+ 20. Kd2 Bg5+ 21.
Qxg5 Qxg5+ 22. Kc3 Qe3+ 23. Kb4 a5+ 24. Rxa5 Rxa5 25. Nxg1 b6 26. Nc3 Qxg1 27.
Nxd5 Bxd5 28. h4 Qxd4 29. h5 c5# 0-1

[Event "Ralfo N"]
[Site "http://www.queenalice.com/game.php?id=1185903"]
[Date "2013.5.30"]
[Round "-"]
[White "TIKAR"]
[Black "Ralfostarr"]
[Result "1-0"]
[WhiteElo "1849"]
[BlackElo "1534"]

1. e4 e5 2. Nf3 Nc6 3. Bc4 Nf6 4. Nc3 d6 5. d4 Bg4 6. h3 Bxf3 7. Qxf3 Nxd4 8.
Qd1 Nh5 9. Qxh5 g6 10. Qd1 c6 11. Be3 d5 12. exd5 cxd5 13. Nxd5 Rc8 14. b3 a5
15. O-O b5 16. Bxd4 bxc4 17. Re1 Bd6 18. Bxe5 O-O 19. Bxd6 Qxd6 20. Ne7+ Qxe7
21. Rxe7 cxb3 22. axb3 Rfd8 23. Qf3 f5 24. Qb7 Re8 25. Rg7+ Kf8 26. Qf7# 1-0

[Event "Challenge"]
[Site "http://www.queenalice.com/game.php?id=1187637"]
[Date "2013.6.4"]
[Round "-"]
[White "Herbert_Paulo"]
[Black "Ralfostarr"]
[Result "0-1"]
[WhiteElo "1274"]
[BlackElo "1538"]

1. e4 e5 2. Nf3 Qf6 3. Nc3 Bc5 4. Nd5 Qd6 5. c3 Nf6 6. Nxf6+ Qxf6 7. Bc4 d6 8.
O-O Bg4 9. Be2 h5 10. d4 Bxf3 0-1

[Event "Challenge"]
[Site "http://www.queenalice.com/game.php?id=1188072"]
[Date "2013.6.5"]
[Round "-"]
[White "eduardocosta"]
[Black "Ralfostarr"]
[Result "1-0"]
[WhiteElo "1751"]
[BlackElo "1587"]

1. e3 e5 2. Be2 e4 3. d3 exd3 4. cxd3 Qg5 5. Bf3 Nc6 6. e4 Qd8 7. Ne2 Bb4+ 8.
Bd2 b6 9. Qb3 Qf6 10. Bxb4 Nxb4 11. Qxb4 a5 12. Qc3 c5 13. e5 Qg5 14. Bxa8 Ne7
15. Bf3 O-O 16. O-O Nd5 17. Qb3 Qxe5 18. Qxd5 Qxd5 19. Bxd5 Re8 20. Nec3 Ba6 21.
Be4 g6 22. Na4 f5 23. Bd5+ Kg7 24. Na3 Bxd3 25. Rfd1 Be2 26. Re1 f4 27. Nc3 f3
28. Bxf3 Rb8 29. Rxe2 b5 30. Naxb5 Kf6 31. b3 g5 32. Rd2 Ke6 33. Bg4+ Ke7 34.
Rxd7+ Kf6 35. Rxh7 Re8 36. Rh6+ Kg7 37. Ra6 1-0

[Event "AUTO-INT-2650"]
[Site "http://www.queenalice.com/game.php?id=1188112"]
[Date "2013.6.5"]
[Round "1"]
[White "Wecker"]
[Black "Ralfostarr"]
[Result "0-1"]
[WhiteElo "1453"]
[BlackElo "1521"]

1. e4 e5 2. Nf3 Qf6 3. d4 exd4 4. e5 Qb6 5. Nxd4 Bc5 6. c3 Bxd4 7. cxd4 Nh6 8.
Bc4 Nc6 9. Bxh6 gxh6 10. Nd2 Qxd4 11. O-O Nxe5 12. Re1 d6 13. Kh1 b6 14. f4 Qxf4
15. Ne4 Bb7 16. Ng3 O-O-O 17. Bd3 Nxd3 18. Qxd3 Rhe8 19. Rxe8 Rxe8 20. Qxh7 Qf2
21. Rg1 Re1 22. Qg8+ Kd7 0-1

[Event "AUTO-INT-2650"]
[Site "http://www.queenalice.com/game.php?id=1188113"]
[Date "2013.6.5"]
[Round "1"]
[White "Ralfostarr"]
[Black "Wecker"]
[Result "1-0"]
[WhiteElo "1576"]
[BlackElo "1462"]

1. e4 e5 2. Nf3 Nc6 3. Bb5 a6 4. Bxc6 dxc6 5. Nxe5 Qd4 6. Ng4 Qxe4+ 7. Qe2 Qxe2+
8. Kxe2 Bxg4+ 9. f3 Bf5 10. d3 O-O-O 11. Bg5 f6 12. Be3 Re8 13. g4 Be6 14. Nc3
Bd6 15. Rag1 c5 16. g5 Ne7 17. gxf6 gxf6 18. Ne4 Be5 19. c3 b6 20. a4 a5 21. d4
Bc4+ 22. Kf2 cxd4 23. cxd4 Bd6 24. Nxf6 Ref8 25. Ne4 Bb4 26. Rc1 Bd5 27. Bg5
Bxe4 28. Bxe7 Rxf3+ 29. Ke2 Bxe7 30. Rhe1 1-0

[Event "AUTO-INT-2650"]
[Site "http://www.queenalice.com/game.php?id=1188124"]
[Date "2013.6.5"]
[Round "1"]
[White "elson09"]
[Black "Ralfostarr"]
[Result "1-0"]
[WhiteElo "1412"]
[BlackElo "1572"]

1. e4 e5 2. Nf3 Qf6 3. Nc3 d6 4. Bc4 Bg4 5. d3 Bxf3 6. Qxf3 Qxf3 7. gxf3 Nf6 8.
Bg5 Nh5 9. Nd5 Kd7 10. O-O-O c6 11. Rhg1 cxd5 12. Bb5+ Nc6 13. exd5 Rb8 14.
dxc6+ bxc6 15. Ba4 d5 16. Rde1 f6 17. Be3 d4 18. Bg5 fxg5 19. Rxg5 g6 20. Rgxe5
Bg7 21. Re7+ Kd6 22. R1e6+ Kc5 23. Rxc6+ Kd5 24. Ree6 Rb6 25. c4+ dxc3 26. Bb3+
Rxb3 27. Rcd6+ Kc5 28. axb3 cxb2+ 29. Kb1 Nf4 30. b4+ Kxb4 31. Re4+ Kc3 32. Rxf4
Be5 33. Rc4+ Kb3 34. Rdc6 Rb8 35. d4 Bd6 36. Rc3+ Kb4 37. R3c4+ Kb5 38. Kxb2 a5
39. d5 a4 40. h4 a3+ 41. Ka2 Be5 42. Kb3 Ra8 43. R4c5# 1-0

[Event "AUTO-INT-2650"]
[Site "http://www.queenalice.com/game.php?id=1188125"]
[Date "2013.6.5"]
[Round "1"]
[White "Ralfostarr"]
[Black "elson09"]
[Result "1-0"]
[WhiteElo "1555"]
[BlackElo "1288"]

1. g3 e5 2. Bg2 d5 3. Nc3 d4 4. Ne4 Nf6 5. Nxf6+ Qxf6 6. d3 Bb4+ 7. Bd2 Nc6 8.
Bxc6+ Qxc6 9. Bxb4 f5 10. Nf3 e4 11. Nxd4 Qd5 12. e3 exd3 13. Qxd3 c5 14. c4
Qxh1+ 15. Qf1 Qxh2 16. Bxc5 f4 17. exf4 Be6 18. Nxe6 b6 19. Nc7+ Kf7 20. Nxa8
Re8+ 21. Be3 Qh5 22. Nc7 Qa5+ 23. Kd1 Qh5+ 24. Qe2 Rd8+ 25. Nd5 Qh1+ 26. Qe1
Rxd5+ 27. cxd5 Qxd5+ 28. Bd2 Qf3+ 29. Qe2 Qh1+ 30. Be1 Qd5+ 31. Qd2 Qf3+ 32. Kc2
Qc6+ 33. Qc3 Qe4+ 34. Kb3 Qd5+ 35. Kc2 Qe4+ 36. Kd2 Qd5+ 37. Ke2 Qb5+ 38. Kd1
Qd5+ 39. Bd2 Qh1+ 40. Be1 Qd5+ 41. Qd2 Qf3+ 42. Kc2 Qc6+ 43. Qc3 Qa4+ 44. Qb3+
Qxb3+ 45. Kxb3 1-0

[Event "AUTO-INT-2650"]
[Site "http://www.queenalice.com/game.php?id=1188131"]
[Date "2013.6.5"]
[Round "1"]
[White "kykobr"]
[Black "Ralfostarr"]
[Result "1-0"]
[WhiteElo "1653"]
[BlackElo "1541"]

1. e4 e5 2. Nf3 f6 3. Nh4 Nh6 4. Qh5+ Nf7 5. Qf3 f5 6. Nxf5 Ng5 7. Qc3 d6 8.
Bb5+ c6 9. Bd3 d5 10. Qxe5+ Be6 11. h4 Nf7 12. Nxg7+ Bxg7 13. Qxg7 dxe4 14. Bxe4
h5 15. Bg6 Ke7 16. d3 Nd7 17. Bg5+ Kd6 18. Bxd8 Raxd8 19. Bxf7 Bxf7 20. Qxf7
Rde8+ 21. Kf1 Rhf8 22. Qxh5 Re5 23. Qg6+ Kc7 24. h5 Rfe8 25. Nc3 R8e6 26. Qg3
Kb6 27. d4 Rd5 28. Nxd5+ cxd5 29. Qb3+ Kc6 30. c4 dxc4 31. Qxc4+ Kd6 32. Rc1 Ke7
33. h6 Nf6 34. Qc7+ Kf8 35. Qxb7 Re7 36. Rc8+ Ne8 37. Qf3+ Kg8 38. Qg4+ Kf8 39.
Qg6 a5 40. h7 Rxh7 41. Rxh7 a4 42. Qf7# 1-0

[Event "AUTO-INT-2650"]
[Site "http://www.queenalice.com/game.php?id=1188132"]
[Date "2013.6.5"]
[Round "1"]
[White "Ralfostarr"]
[Black "kykobr"]
[Result "1-0"]
[WhiteElo "1550"]
[BlackElo "1503"]

1. b3 e5 2. Bb2 Nc6 3. e4 Qf6 4. Bb5 a6 5. Bxc6 bxc6 6. Nf3 d5 7. exd5 cxd5 8.
Nxe5 Bd6 9. Nc4 Qe6+ 10. Qe2 Qxe2+ 11. Kxe2 f6 12. Nxd6+ cxd6 13. Ba3 Kd7 14.
Nc3 d4 15. Ne4 Bb7 16. Nxd6 Bxg2 17. Rhg1 Bc6 18. Nf7 Ne7 19. Nxh8 Rxh8 20. Rxg7
Re8 21. Rxh7 Bb5+ 22. d3 Kc6 23. Rxe7 Rxe7+ 24. Bxe7 f5 25. Rc1 a5 26. c4 dxc3
27. Rxc3+ Kd7 28. Bg5 Ke6 29. f4 Ba6 30. Rc6+ 1-0

[Event "Ralfo B"]
[Site "http://www.queenalice.com/game.php?id=1192184"]
[Date "2013.6.19"]
[Round "-"]
[White "Ralfostarr"]
[Black "TIKAR"]
[Result "0-1"]
[WhiteElo "1504"]
[BlackElo "1576"]

1. g3 Nf6 2. b3 d5 3. Bb2 Nc6 4. Bxf6 exf6 5. Bg2 Bb4 6. a3 Bc5 7. e3 O-O 8. Nc3
d4 9. Na4 Be7 10. Bxc6 bxc6 11. e4 Bb7 12. d3 c5 13. Nf3 f5 14. exf5 Qd5 15. O-O
Qxf3 16. Qxf3 Bxf3 17. Rae1 Bd6 18. b4 cxb4 19. axb4 Bxb4 20. Rb1 a5 21. Nb2 a4
22. Nc4 Be7 23. Rfe1 Bf6 24. Nd2 Bg4 25. Rb7 c6 26. Nc4 Bxf5 27. Nb6 Ra5 28. Rb1
a3 29. Nc4 Ra6 30. Rb8 h6 31. Rxf8+ Kxf8 32. Ra1 a2 33. Nd2 Be6 34. Ne4 Be7 35.
c3 dxc3 36. Nxc3 Bb4 37. Nxa2 Bxa2 38. d4 Bc3 39. Rd1 Bd5 40. h4 Ra4 41. Kh2 Ra2
0-1

[Event "Ralfo N"]
[Site "http://www.queenalice.com/game.php?id=1192185"]
[Date "2013.6.19"]
[Round "-"]
[White "TIKAR"]
[Black "Ralfostarr"]
[Result "1-0"]
[WhiteElo "1732"]
[BlackElo "1564"]

1. e4 e5 2. Nf3 d6 3. d4 Bg4 4. Qd3 Bxf3 5. Qxf3 exd4 6. Bc4 Qf6 7. Qg4 Nh6 8.
Qc8+ Qd8 9. Qxb7 Nd7 10. Bxh6 gxh6 11. Qd5 Ne5 12. Qxd4 Bg7 13. Qd5 O-O 14. Nc3
Qg5 15. O-O Nf3+ 16. Kh1 Nd2 17. f4 Qxd5 18. Bxd5 Nxf1 19. Bxa8 Rxa8 20. Rxf1
Rb8 21. Nd5 Rxb2 22. h3 Rxc2 23. f5 f6 24. Rf3 Rxa2 25. Nxc7 Re2 26. Ra3 Rxe4
27. Rxa7 Rf4 28. Ne6 Rf1+ 29. Kh2 h5 30. Nxg7 d5 31. Nxh5 d4 32. Nxf6+ Kh8 33.
Rxh7# 1-0

[Event "AUTO-INT-2608"]
[Site "http://www.queenalice.com/game.php?id=1212380"]
[Date "2013.8.28"]
[Round "2"]
[White "Ralfostarr"]
[Black "fisionboy"]
[Result "0-1"]
[WhiteElo "1518"]
[BlackElo "1976"]

1. Nf3 c6 2. Nc3 d5 3. d4 Nf6 4. Bg5 Nbd7 5. g3 g6 6. Bh3 Bg7 7. O-O O-O 8. b4
Nb6 9. Bxc8 Rxc8 10. Bxf6 Bxf6 11. a4 Nc4 0-1

[Event "AUTO-INT-2608"]
[Site "http://www.queenalice.com/game.php?id=1212381"]
[Date "2013.8.28"]
[Round "2"]
[White "fisionboy"]
[Black "Ralfostarr"]
[Result "1-0"]
[WhiteElo "1974"]
[BlackElo "1520"]

1. d4 d5 2. c4 dxc4 3. Nc3 Nc6 4. Nf3 Bg4 5. e3 e6 6. Bxc4 Bb4 7. Bd2 Bxc3 8.
Bxc3 Nf6 9. Bd3 O-O 10. O-O Nd5 11. Bd2 Qd6 12. a3 1-0